| 000 | 00332nam a2200133Ia 4500 | ||
|---|---|---|---|
| 005 | 20251222144709.0 | ||
| 008 | 251222s9999||||xx |||||||||||||| ||spa|| | ||
| 020 | _a84-9756-326-3 | ||
| 082 | _a347.066.019/V38 | ||
| 100 | _aVázquez Mezquita, Blanca | ||
| 245 | 0 | _aManual de Psicología Forense | |
| 264 | _bSintesis | ||
| 942 | _cLIB | ||
| 999 |
_c17760 _d17760 |
||